00326cam a22001097a 4500008004000000082001700040245005700057260004200114300001000156650002800166700002200194180718b1961 xxu||||| |||| 00| 0 eng d aN4x5414 Sa19 aHistory of Orissa Policecedited by Nabin Kumar Sahu aCuttackbOrissa Police Magazinec1961 a441p. aPolice --India --Orissa aSahu, Nabin Kumar